[Event "Skilling Open Prelim"]
[Site "chess24.com INT"]
[Date "2020.11.23"]
[Round "6.1"]
[White "Vachier-Lagrave, Maxime"]
[Black "Anton Guijarro, David"]
[Result "1-0"]
[WhiteTitle "GM"]
[BlackTitle "GM"]
[WhiteElo "2784"]
[BlackElo "2675"]
[WhiteFideId "623539"]
[BlackFideId "2285525"]
[EventDate "2020.11.22"]

1. e4 e5 2. Nf3 Nc6 3. Bb5 a6 4. Ba4 Nf6 5. O-O Nxe4 6. d4 b5 7. Bb3 d5 8. dxe5
Be6 9. Qe2 Be7 10. Nbd2 Nc5 11. c3 O-O 12. Rd1 Qd7 13. Bc2 Bf5 14. Nf1 Bxc2 15.
Qxc2 Qe6 16. Nd4 Qd7 17. Nf3 Qe6 18. Bf4 Rad8 19. Ne3 Rfe8 20. h3 Na4 21. b3 Nb6
22. Rd2 Nb8 23. Nf5 Bf8 24. Re1 c6 25. N5d4 Qg6 26. e6 Qxc2 27. Rxc2 Na8 28.
Bxb8 Rxb8 29. Nxc6 Rbc8 30. exf7+ Kxf7 31. Rxe8 Rxe8 32. Kf1 Rc8 33. Nfd4 Nb6
34. Nb4 Bc5 35. Rd2 Bxd4 36. cxd4 a5 37. Nd3 Rc3 38. Ke2 a4 39. Nc5 Ke7 40. Kd1
axb3 41. axb3 Nd7 42. Re2+ Kd8 43. Ne6+ Ke7 44. Nxg7+ Kf6 45. Ne8+ Kf7 46. Nd6+
Kf6 47. Nxb5 Rxb3 48. Nc7 Nb6 49. Re5 Nc4 50. Nxd5+ Kg6 51. Re2 Rd3+ 52. Kc2
Rxd4 53. Ne7+ Kf7 54. Kc3 1-0

[Event "Skilling Open Prelim"]
[Site "chess24.com INT"]
[Date "2020.11.23"]
[Round "6.3"]
[White "Aronian, Levon"]
[Black "Carlsen, Magnus"]
[Result "1/2-1/2"]
[WhiteTitle "GM"]
[BlackTitle "GM"]
[WhiteElo "2781"]
[BlackElo "2862"]
[WhiteFideId "13300474"]
[BlackFideId "1503014"]
[EventDate "2020.11.22"]

1. d4 Nf6 2. c4 e6 3. Nf3 d5 4. Nc3 h6 5. g3 Nc6 6. Bg2 Bd6 7. O-O O-O 8. b3 b6
9. Nb5 Ba6 10. Nxd6 cxd6 11. cxd5 exd5 12. Ba3 Qd7 13. Rc1 Rac8 14. Re1 Ne7 15.
Nd2 Rxc1 16. Qxc1 Rc8 17. Qb1 Bb7 18. Rc1 Rxc1+ 19. Qxc1 Ba6 20. e3 Bb5 21. Qc2
a5 22. h3 Ba6 23. g4 b5 24. Bb2 b4 25. a3 Qc6 26. Qxc6 Nxc6 27. axb4 axb4 28. f3
Na5 29. Bf1 Bxf1 30. Kxf1 Kf8 31. Ke2 Ke7 32. Kd3 Ke6 33. Kc2 Nh7 34. h4 g5 35.
h5 f5 36. Nf1 fxg4 37. fxg4 Nf6 38. Nh2 Kd7 39. Bc1 Kc6 40. Bd2 Kb5 41. Be1 Nc6
42. Kd3 Ne7 43. Kc2 Neg8 44. Kd3 Ne4 45. Kc2 Ngf6 46. Kd3 Nc3 47. Bxc3 bxc3 48.
Kxc3 Ka5 49. Kc2 Kb4 50. Kb2 Ne4 51. Nf3 Nf6 52. Nh2 Ne4 53. Nf3 Nf6 54. Nh2 1/2-1/2

[Event "Skilling Open Prelim"]
[Site "chess24.com INT"]
[Date "2020.11.23"]
[Round "6.4"]
[White "Duda, Jan-Krzysztof"]
[Black "Nepomniachtchi, Ian"]
[Result "0-1"]
[WhiteTitle "GM"]
[BlackTitle "GM"]
[WhiteElo "2743"]
[BlackElo "2784"]
[WhiteFideId "1170546"]
[BlackFideId "4168119"]
[EventDate "2020.11.22"]

1. d4 Nf6 2. c4 g6 3. Nc3 d5 4. cxd5 Nxd5 5. e4 Nxc3 6. bxc3 Bg7 7. Be3 c5 8.
Nf3 Qa5 9. Qd2 Bg4 10. Rc1 Bxf3 11. gxf3 e6 12. Rb1 a6 13. Rxb7 Nc6 14. f4 O-O
15. Bg2 Rab8 16. Rb3 Rxb3 17. axb3 cxd4 18. cxd4 Qb5 19. e5 Rc8 20. d5 Nb4 21.
Qe2 Nc2+ 22. Kf1 Qxb3 23. Kg1 Nxe3 24. Qxe3 Rc3 25. Qe2 Rc1+ 26. Bf1 Qxd5 27. h4
Bh6 28. h5 Bxf4 29. hxg6 hxg6 30. Qxa6 Qf3 0-1

[Event "Skilling Open Prelim"]
[Site "chess24.com INT"]
[Date "2020.11.23"]
[Round "6.5"]
[White "Ding, Liren"]
[Black "Svidler, Peter"]
[Result "1/2-1/2"]
[WhiteTitle "GM"]
[BlackTitle "GM"]
[WhiteElo "2791"]
[BlackElo "2723"]
[WhiteFideId "8603677"]
[BlackFideId "4102142"]
[EventDate "2020.11.22"]

1. d4 Nf6 2. c4 g6 3. Nf3 Bg7 4. e3 O-O 5. Be2 d5 6. cxd5 Nxd5 7. e4 Nb6 8. O-O
Bg4 9. Nbd2 e5 10. Nxe5 Bxe2 11. Qxe2 Qxd4 12. Ndf3 Qb4 13. Bf4 Re8 14. Rfe1 Na6
15. a3 Qe7 16. a4 Nc5 17. a5 Nbd7 18. Bg5 Qe6 19. Nxd7 Qxd7 20. e5 Qf5 21. Rad1
Nd7 22. Bf4 Rad8 23. g3 Nf8 24. Nd4 Qc8 25. Qc4 h6 26. h4 a6 27. b4 Qg4 28. Qe2
Qxe2 29. Nxe2 Rxd1 30. Rxd1 Ne6 31. Be3 Rd8 32. Rxd8+ Nxd8 33. Nc1 Nc6 34. Nd3
Nxe5 35. Nxe5 Bxe5 36. Bxh6 Bc3 37. Bf4 b5 38. Bxc7 Bxb4 39. Kf1 f5 40. Ke2 Kf7
41. Kd3 Ke6 42. Ke2 Kd5 43. f3 Be7 44. Kd3 b4 45. Bf4 Bf6 46. Bd2 b3 47. g4 fxg4
48. fxg4 Bxh4 49. Kc3 Bd8 50. Kxb3 Kc5 51. Ka4 Kc4 52. Be3 Be7 53. Bb6 Bd6 54.
Bd8 Bf8 55. Bf6 Bc5 56. Bd8 Bf2 57. Bf6 Be1 58. Bd8 Kd3 59. Kb3 Ke4 60. Kc4 Kf4
61. g5 Bxa5 62. Bxa5 Kxg5 63. Kc5 Kf5 64. Kb6 g5 65. Kxa6 g4 66. Bc7 Ke4 67. Bb8
Kf3 68. Bc7 g3 69. Bxg3 1/2-1/2

[Event "Skilling Open Prelim"]
[Site "chess24.com INT"]
[Date "2020.11.23"]
[Round "6.6"]
[White "Giri, Anish"]
[Black "So, Wesley"]
[Result "1/2-1/2"]
[WhiteTitle "GM"]
[BlackTitle "GM"]
[WhiteElo "2764"]
[BlackElo "2770"]
[WhiteFideId "24116068"]
[BlackFideId "5202213"]
[EventDate "2020.11.22"]

1. Nf3 d5 2. g3 g6 3. Bg2 Bg7 4. O-O e5 5. d3 Ne7 6. c4 dxc4 7. dxc4 O-O 8. Nc3
Nbc6 9. Rb1 Bf5 10. e4 Bg4 11. h3 Bxf3 12. Bxf3 Nd4 13. Bg2 c6 14. Be3 Qd7 15.
Ne2 Rad8 16. Nxd4 exd4 17. Bg5 h6 18. Bxe7 Qxe7 19. Qd3 f5 20. exf5 gxf5 21.
Rbe1 Qf7 22. Bf3 Rde8 23. b3 Re6 24. Qd1 Rxe1 25. Rxe1 Re8 26. Rxe8+ Qxe8 27.
Be2 f4 28. g4 a5 29. Bd3 Qe5 30. Kg2 Bf6 31. Bc2 Kf8 32. Qd3 h5 33. Bd1 hxg4 34.
Bxg4 Kg7 35. Kf1 b5 36. Bd1 b4 37. Be2 Kf8 38. Qf3 c5 39. Bd3 Kg7 40. Qb7+ Qe7
41. Qg2+ Kf8 42. Qa8+ Kg7 43. Qg2+ Kf8 44. Qg6 Qe5 45. h4 f3 46. Qg4 Qh2 47.
Qxf3 Qxh4 48. Ke2 Qg5 49. Be4 Kg7 50. Qh3 d3+ 51. Bxd3 Bd4 52. Qd7+ Kf8 53. Qc8+
Kf7 54. Qh3 Qe5+ 55. Kf1 Qf4 56. Qd7+ Kf8 57. Qd8+ Kf7 58. Qd7+ Kf8 59. Qf5+
Qxf5 60. Bxf5 Ke7 61. Ke2 Kf6 62. Bd7 Ke7 63. Ba4 Kf6 64. f3 Ke5 65. Kd3 Kf4 66.
Ke2 Ke5 67. Kd3 Kf4 68. Ke2 Ke5 1/2-1/2

[Event "Skilling Open Prelim"]
[Site "chess24.com INT"]
[Date "2020.11.23"]
[Round "6.7"]
[White "Karjakin, Sergey"]
[Black "Vidit, Santosh Gujrathi"]
[Result "1-0"]
[WhiteTitle "GM"]
[BlackTitle "GM"]
[WhiteElo "2752"]
[BlackElo "2726"]
[WhiteFideId "14109603"]
[BlackFideId "5029465"]
[EventDate "2020.11.22"]

1. e4 e5 2. Nf3 Nc6 3. Bc4 Bc5 4. O-O Nf6 5. d3 d6 6. c3 O-O 7. h3 h6 8. Nbd2 a5
9. Re1 Be6 10. Bb5 Bb6 11. Ba4 Nd7 12. Nf1 f5 13. exf5 Bxf5 14. Ng3 Bh7 15. d4
exd4 16. Bxc6 bxc6 17. cxd4 a4 18. Qe2 Kh8 19. Be3 Nf6 20. Qc4 Nd5 21. Bd2 Qd7
22. Rac1 Ne7 23. a3 Bg8 24. Qd3 Bh7 25. Qc4 Bg8 26. Qd3 Rf7 27. Re2 Raf8 28.
Rce1 Bh7 29. Qc4 Ng6 30. Nh2 c5 31. d5 Nf4 32. Bxf4 Rxf4 33. Qc3 R4f7 34. Ng4
Kg8 35. Nh5 Bg6 36. Nf4 Bf5 37. Ne6 Ra8 38. Qg3 Kh7 39. Qh4 Kg8 40. Re3 c4 41.
Rf3 Bxg4 42. Qxg4 Rxf3 43. gxf3 Ra5 44. Qxc4 Qf7 45. Qe4 Qh5 46. Nf4 Qg5+ 47.
Kf1 Qe5 48. Qg6 Qxf4 49. Re8+ Qf8 50. Qe6+ 1-0

[Event "Skilling Open Prelim"]
[Site "chess24.com INT"]
[Date "2020.11.23"]
[Round "7.1"]
[White "Le, Quang Liem"]
[Black "Vachier-Lagrave, Maxime"]
[Result "0-1"]
[WhiteTitle "GM"]
[BlackTitle "GM"]
[WhiteElo "2709"]
[BlackElo "2784"]
[WhiteFideId "12401137"]
[BlackFideId "623539"]
[EventDate "2020.11.22"]

1. e4 c5 2. Nf3 d6 3. d4 cxd4 4. Nxd4 Nf6 5. Nc3 a6 6. g3 e5 7. Nb3 Be7 8. Bg5
Be6 9. f4 exf4 10. Bxf4 Nc6 11. Qd2 O-O 12. O-O-O Ne5 13. Nd4 Bd7 14. Kb1 Rc8
15. h3 b5 16. a3 Qb6 17. g4 b4 18. axb4 Qxb4 19. g5 Rxc3 20. gxf6 Rb8 21. Nb3
Rxb3 22. cxb3 Qxe4+ 23. Ka1 Bxf6 24. Bg2 Nf3 25. Qe3 Qc2 0-1

[Event "Skilling Open Prelim"]
[Site "chess24.com INT"]
[Date "2020.11.23"]
[Round "7.3"]
[White "So, Wesley"]
[Black "Karjakin, Sergey"]
[Result "1/2-1/2"]
[WhiteTitle "GM"]
[BlackTitle "GM"]
[WhiteElo "2770"]
[BlackElo "2752"]
[WhiteFideId "5202213"]
[BlackFideId "14109603"]
[EventDate "2020.11.22"]

1. e4 c5 2. Nf3 d6 3. d4 cxd4 4. Nxd4 Nf6 5. Nc3 Nc6 6. f3 e5 7. Nb3 Be6 8. Be3
Be7 9. Qe2 O-O 10. O-O-O Qc8 11. a3 a5 12. Qb5 Bd7 13. Kb1 a4 14. Nc1 Ra5 15.
Qe2 Be6 16. Bb6 Ra8 17. N1a2 Re8 18. g4 Na5 19. Qd2 Nc4 20. Bxc4 Bxc4 21. Nb4
Bf8 22. h4 Qe6 23. g5 Nd7 24. Be3 b5 25. h5 Rec8 26. Rdg1 Rab8 27. Ncd5 Rb7 28.
Qg2 Re8 29. Rh3 f5 30. exf5 Qxf5 31. Rh4 Qe6 32. Qd2 Kh8 33. Rhg4 Nc5 34. f4 Ne4
35. Qd1 Qf5 36. R1g2 Rc8 37. Nb6 Rcb8 38. N6d5 Rc8 39. Bc1 Nc5 40. Ne3 Qd7 41.
f5 Bg8 42. Nbd5 Qc6 43. Nb4 Qd7 44. Nbd5 Qc6 45. Nb4 Qd7 1/2-1/2

[Event "Skilling Open Prelim"]
[Site "chess24.com INT"]
[Date "2020.11.23"]
[Round "7.4"]
[White "Svidler, Peter"]
[Black "Giri, Anish"]
[Result "1/2-1/2"]
[WhiteTitle "GM"]
[BlackTitle "GM"]
[WhiteElo "2723"]
[BlackElo "2764"]
[WhiteFideId "4102142"]
[BlackFideId "24116068"]
[EventDate "2020.11.22"]

1. Nf3 d5 2. g3 g6 3. Bg2 Bg7 4. d4 Nf6 5. O-O O-O 6. c4 c6 7. Qb3 a5 8. Nc3 a4
9. Qb4 dxc4 10. Qxc4 b5 11. Qd3 b4 12. Ne4 Ba6 13. Nxf6+ exf6 14. Qc2 b3 15.
axb3 axb3 16. Qc3 Nd7 17. Re1 Re8 18. Qxc6 Nb6 19. Rxa6 Rxa6 20. Qb5 Ra1 21. Nd2
Nc8 22. Nxb3 Nd6 23. Qd3 Ra7 24. Bf4 Qb6 25. Bxd6 Qxd6 26. e3 Rc8 27. Qe2 f5 28.
Rb1 Qb4 29. Nc5 Bf8 30. Nd3 Qb3 31. Qd1 Rb8 32. Rc1 Qxd1+ 33. Rxd1 Bd6 34. Bd5
Ra5 35. Bc4 Rba8 36. Kg2 Ra1 37. Rd2 Rb1 38. h4 Kg7 39. Kf3 h6 40. Rc2 Ra7 41.
Bd5 Rc7 42. Bc4 Ra7 43. Bd5 Rc7 44. Bc4 Ra7 1/2-1/2

[Event "Skilling Open Prelim"]
[Site "chess24.com INT"]
[Date "2020.11.23"]
[Round "7.6"]
[White "Carlsen, Magnus"]
[Black "Duda, Jan-Krzysztof"]
[Result "1-0"]
[WhiteTitle "GM"]
[BlackTitle "GM"]
[WhiteElo "2862"]
[BlackElo "2743"]
[WhiteFideId "1503014"]
[BlackFideId "1170546"]
[EventDate "2020.11.22"]

1. d4 d5 2. c4 c6 3. Nf3 Nf6 4. e3 e6 5. Bd3 Nbd7 6. b3 b6 7. O-O Bb7 8. Bb2 Bd6
9. Nbd2 O-O 10. Qe2 Qe7 11. Ne5 Rad8 12. Rad1 c5 13. f4 cxd4 14. exd4 g6 15. a4
Nh5 16. cxd5 Bxd5 17. Ndc4 Ndf6 18. Nxd6 Qxd6 19. Nc4 Qb8 20. Qe5 Qa8 21. Rd2
Be4 22. Bxe4 Qxe4 23. Ba3 Rd5 24. Qxe4 Nxe4 25. Re2 Rxd4 26. Bxf8 Kxf8 27. Re3
Nhf6 28. Ne5 Nd5 29. Rd3 Rxd3 30. Nxd3 Nd2 31. Rc1 Nxb3 32. Rc8+ Kg7 33. Ra8 a5
34. Ra7 Kf8 35. g3 Nd4 36. Ne5 f6 37. Nd7+ Ke8 38. Rb7 h6 39. Nxb6 Nc3 40. Ra7
Nb3 41. Kg2 g5 42. fxg5 fxg5 43. Rh7 e5 44. Rxh6 Kf7 45. Rc6 Nd1 46. Nc4 e4 47.
Nd6+ Ke6 48. Nxe4+ Kd5 49. Rd6+ 1-0

[Event "Skilling Open Prelim"]
[Site "chess24.com INT"]
[Date "2020.11.23"]
[Round "7.7"]
[White "Radjabov, Teimour"]
[Black "Aronian, Levon"]
[Result "1-0"]
[WhiteTitle "GM"]
[BlackTitle "GM"]
[WhiteElo "2765"]
[BlackElo "2781"]
[WhiteFideId "13400924"]
[BlackFideId "13300474"]
[EventDate "2020.11.22"]

1. d4 Nf6 2. c4 e6 3. Nf3 d5 4. Nc3 Be7 5. Bf4 O-O 6. e3 Nbd7 7. a3 c6 8. Be2
dxc4 9. Bxc4 b5 10. Bd3 a6 11. b4 a5 12. Rb1 axb4 13. axb4 Bb7 14. Qc2 Nb6 15.
e4 Nc4 16. Bc1 Nd7 17. e5 f5 18. exf6 Bxf6 19. Bxh7+ Kh8 20. Be4 e5 21. d5 cxd5
22. Nxd5 Qc8 23. Qe2 Nd6 24. Ng5 Qxc1+ 25. Rxc1 Bxg5 26. Rd1 Nxe4 27. Qxe4 Nf6
28. Qg6 Bxd5 29. Qxg5 Bc4 30. Rc1 Bd3 31. Rc7 Rg8 32. Qh4+ Nh7 33. Kd2 Rad8 34.
Rhc1 Bc4+ 35. Ke1 Rd4 36. Qe7 Re4+ 37. Kd2 Nf6 38. Rc3 Re2+ 39. Kd1 Rxf2 40.
Rh3+ Nh7 41. Rxh7+ 1-0

[Event "Skilling Open Prelim"]
[Site "chess24.com INT"]
[Date "2020.11.23"]
[Round "7.8"]
[White "Anton Guijarro, David"]
[Black "Firouzja, Alireza"]
[Result "0-1"]
[WhiteTitle "GM"]
[BlackTitle "GM"]
[WhiteElo "2675"]
[BlackElo "2749"]
[WhiteFideId "2285525"]
[BlackFideId "12573981"]
[EventDate "2020.11.22"]

1. d4 Nf6 2. c4 g6 3. Nc3 Bg7 4. e4 d6 5. h3 Nbd7 6. Be3 e5 7. d5 Nc5 8. f3 Nh5
9. Nge2 O-O 10. Qd2 f5 11. exf5 gxf5 12. g4 Nf4 13. O-O-O Nfd3+ 14. Kb1 f4 15.
Bxc5 Nxc5 16. b4 e4 17. bxc5 e3 18. Qc2 dxc5 19. Ne4 c6 20. N2c3 Qa5 21. Bd3 Rb8
22. Qb3 Kh8 23. dxc6 Be6 24. c7 Qxc7 25. Qa3 Bg8 26. Bc2 b5 27. cxb5 a6 28. Qxa6
Ra8 29. Qc6 Qa5 30. a4 Qb4+ 31. Kc1 Qa3+ 32. Kb1 Ba2+ 33. Ka1 Bxc3+ 34. Nxc3
Qxc3+ 0-1

[Event "Skilling Open Prelim"]
[Site "chess24.com INT"]
[Date "2020.11.23"]
[Round "8.1"]
[White "Vachier-Lagrave, Maxime"]
[Black "Firouzja, Alireza"]
[Result "1/2-1/2"]
[WhiteTitle "GM"]
[BlackTitle "GM"]
[WhiteElo "2784"]
[BlackElo "2749"]
[WhiteFideId "623539"]
[BlackFideId "12573981"]
[EventDate "2020.11.22"]

1. e4 c6 2. Nf3 d5 3. d3 g6 4. e5 Bg7 5. d4 f6 6. Bd3 Nh6 7. O-O O-O 8. Re1 fxe5
9. Nxe5 Nf7 10. Nxf7 Rxf7 11. c3 Qd6 12. Nd2 Nd7 13. Nf3 e5 14. dxe5 Nxe5 15.
Nxe5 Bxe5 16. g3 Bh3 17. Be3 b6 18. Qe2 Bg7 19. Qd2 Raf8 20. a4 Kh8 21. a5 c5
22. axb6 Qc6 23. Bf1 Bxf1 24. Rxf1 axb6 25. Bh6 Bxh6 26. Qxh6 Qf6 27. Rad1 Qf5
28. Qe3 Kg8 29. Rd2 Rd7 30. Re1 Rfd8 31. b4 d4 32. cxd4 cxd4 33. Qe6+ Qxe6 34.
Rxe6 Rd6 35. Rxd6 Rxd6 36. Kg2 d3 37. Kf3 Rd4 38. Ke3 Rxb4 39. Rxd3 Rb5 40. Rd8+
Kg7 41. Rd7+ Kg8 42. Rb7 Re5+ 43. Kd4 Re2 44. f4 1/2-1/2

[Event "Skilling Open Prelim"]
[Site "chess24.com INT"]
[Date "2020.11.23"]
[Round "8.2"]
[White "Aronian, Levon"]
[Black "Anton Guijarro, David"]
[Result "1/2-1/2"]
[WhiteTitle "GM"]
[BlackTitle "GM"]
[WhiteElo "2781"]
[BlackElo "2675"]
[WhiteFideId "13300474"]
[BlackFideId "2285525"]
[EventDate "2020.11.22"]

1. e4 e5 2. Nf3 Nc6 3. Bb5 a6 4. Ba4 Nf6 5. d3 Bc5 6. Bxc6 dxc6 7. Nbd2 Ng4 8.
O-O Qe7 9. Nc4 f6 10. h3 h5 11. Nh4 Qf7 12. Nf5 Bxf5 13. exf5 Nh6 14. Be3 Bxe3
15. fxe3 e4 16. Rf4 exd3 17. Re4+ Kf8 18. Qxd3 Nxf5 19. Rf1 g6 20. Qa3+ Kg8 21.
Ref4 Re8 22. e4 Ng7 23. Qb3 b5 24. Na5 Qxb3 25. axb3 f5 26. Nxc6 fxe4 27. Nb4
Nf5 28. Nd5 Re5 29. Nxc7 Kg7 30. Nxa6 Rd8 31. Re1 e3 32. Nb4 Rd2 33. h4 Re6 34.
c4 bxc4 35. bxc4 Rxb2 36. Nd5 Rd2 37. g4 Nxh4 38. Nxe3 g5 39. Rf2 Rxf2 40. Kxf2
hxg4 41. Nxg4 Rxe1 42. Kxe1 1/2-1/2

[Event "Skilling Open Prelim"]
[Site "chess24.com INT"]
[Date "2020.11.23"]
[Round "8.3"]
[White "Duda, Jan-Krzysztof"]
[Black "Radjabov, Teimour"]
[Result "0-1"]
[WhiteTitle "GM"]
[BlackTitle "GM"]
[WhiteElo "2743"]
[BlackElo "2765"]
[WhiteFideId "1170546"]
[BlackFideId "13400924"]
[EventDate "2020.11.22"]

1. Nf3 Nf6 2. g3 g6 3. b3 Bg7 4. Bb2 c5 5. Bg2 d6 6. O-O e5 7. c4 O-O 8. Nc3 Nc6
9. d3 h6 10. Nd2 Be6 11. Rc1 Qd7 12. a3 Rac8 13. Nd5 b6 14. Bc3 Bg4 15. Nxf6+
Bxf6 16. Ne4 Bg7 17. Bd2 f5 18. Nc3 f4 19. Bd5+ Kh8 20. f3 Bh3 21. Rf2 Ne7 22.
Be4 Nf5 23. gxf4 exf4 24. Bxf4 Bd4 25. Nd5 Qg7 26. Bd2 g5 27. e3 g4 28. fxg4
Bxg4 29. Qe1 Bf3+ 30. Kf1 Nh4 31. exd4 Bg2+ 32. Ke2 Qg4+ 33. Ke3 Bxe4 34. Bc3
Ng2+ 35. Kd2 Nxe1 36. dxc5+ Kg8 0-1

[Event "Skilling Open Prelim"]
[Site "chess24.com INT"]
[Date "2020.11.23"]
[Round "8.4"]
[White "Ding, Liren"]
[Black "Carlsen, Magnus"]
[Result "1/2-1/2"]
[WhiteTitle "GM"]
[BlackTitle "GM"]
[WhiteElo "2791"]
[BlackElo "2862"]
[WhiteFideId "8603677"]
[BlackFideId "1503014"]
[EventDate "2020.11.22"]

1. d4 Nf6 2. c4 e6 3. Nf3 d5 4. Nc3 h6 5. Bf4 Bd6 6. Bxd6 Qxd6 7. e3 O-O 8. Rc1
b6 9. cxd5 Nxd5 10. Nxd5 Qxd5 11. a3 Qd6 12. Qc2 c6 13. Qe4 Qd5 14. Bd3 Qxe4 15.
Bxe4 Bb7 16. Ne5 f6 17. Ng6 Rd8 18. Nf4 Rd6 19. O-O Nd7 20. Rc3 Rd8 21. Rfc1 e5
22. dxe5 Nxe5 23. h3 Rd1+ 24. Kh2 Rxc1 25. Rxc1 Rd6 26. Ng6 Nxg6 27. Bxg6 Kf8
28. Be4 Rd2 29. Bxc6 Bxc6 30. Rxc6 Rxf2 31. b4 Re2 32. Rc8+ Kf7 33. Rc7+ Kg6 34.
Rxa7 Rxe3 35. a4 Ra3 36. a5 bxa5 37. bxa5 f5 38. a6 f4 39. Ra8 Ra2 40. Rf8 Rxa6
41. Rxf4 Rf6 42. Kg3 Rxf4 43. Kxf4 Kf6 44. g4 g5+ 45. Ke4 Ke6 46. Kd4 Kd6 47.
Ke4 Ke6 48. Kd4 Kd6 49. Ke4 Ke6 1/2-1/2

[Event "Skilling Open Prelim"]
[Site "chess24.com INT"]
[Date "2020.11.23"]
[Round "8.5"]
[White "Giri, Anish"]
[Black "Nepomniachtchi, Ian"]
[Result "1/2-1/2"]
[WhiteTitle "GM"]
[BlackTitle "GM"]
[WhiteElo "2764"]
[BlackElo "2784"]
[WhiteFideId "24116068"]
[BlackFideId "4168119"]
[EventDate "2020.11.22"]

1. Nf3 c5 2. c4 Nf6 3. Nc3 Nc6 4. e3 e6 5. d4 d5 6. cxd5 Nxd5 7. Bd3 Be7 8. O-O
O-O 9. a3 cxd4 10. exd4 b6 11. Qc2 Nf6 12. Be3 Bb7 13. Rad1 Rc8 14. Rfe1 h6 15.
Qd2 Re8 16. d5 Nxd5 17. Bxh6 Nxc3 18. bxc3 Qd5 19. Bg5 Bxg5 20. Nxg5 Ne5 21.
Bh7+ Kf8 22. Qxd5 exd5 23. Bf5 Rcd8 24. Be6 f6 25. f4 fxg5 26. Rxe5 gxf4 27. Rd4
g5 28. Rxg5 Rxe6 29. Rxf4+ Ke7 30. Rg7+ Kd6 31. Rxb7 Rc8 32. Rf3 Re1+ 33. Kf2
Rc1 34. Rxa7 Rc2+ 35. Kf1 Rc1+ 36. Kf2 Rc2+ 37. Kf1 Rc1+ 38. Kf2 1/2-1/2

[Event "Skilling Open Prelim"]
[Site "chess24.com INT"]
[Date "2020.11.23"]
[Round "8.6"]
[White "Karjakin, Sergey"]
[Black "Svidler, Peter"]
[Result "1/2-1/2"]
[WhiteTitle "GM"]
[BlackTitle "GM"]
[WhiteElo "2752"]
[BlackElo "2723"]
[WhiteFideId "14109603"]
[BlackFideId "4102142"]
[EventDate "2020.11.22"]

1. d4 Nf6 2. Bg5 e6 3. Nd2 h6 4. Bh4 d5 5. e3 c5 6. c3 Nc6 7. Bd3 e5 8. dxe5
Nxe5 9. Bc2 Be7 10. Ngf3 Nxf3+ 11. Nxf3 Be6 12. Qd3 Ne4 13. Ba4+ Kf8 14. Bxe7+
Qxe7 15. O-O g6 16. c4 Rd8 17. Rad1 Kg7 18. Qc2 Nf6 19. Bb3 dxc4 20. Bxc4 Bxc4
21. Qxc4 Rxd1 22. Rxd1 Rd8 23. Rxd8 Qxd8 24. g3 Qd5 25. Qxd5 Nxd5 26. a3 Kf6 27.
Kf1 Ke6 28. Ke2 Nf6 29. Nd2 Kd5 30. Kd3 Ng4 31. e4+ Ke6 32. f3 Ne5+ 33. Ke3 f5
34. h3 fxe4 35. Kxe4 Nf7 36. a4 b6 37. f4 Nd6+ 38. Kd3 Kd5 39. g4 a6 40. b3 b5
41. axb5 axb5 42. Nf3 c4+ 1/2-1/2

[Event "Skilling Open Prelim"]
[Site "chess24.com INT"]
[Date "2020.11.23"]
[Round "9.8"]
[White "Firouzja, Alireza"]
[Black "Aronian, Levon"]
[Result "1-0"]
[WhiteTitle "GM"]
[BlackTitle "GM"]
[WhiteElo "2749"]
[BlackElo "2781"]
[WhiteFideId "12573981"]
[BlackFideId "13300474"]
[EventDate "2020.11.22"]

1. Nf3 d5 2. g3 Nf6 3. Bg2 g6 4. c4 dxc4 5. Qa4+ Nfd7 6. Qxc4 Bg7 7. Nc3 Nb6 8.
Qh4 h6 9. d4 Nc6 10. O-O Bf5 11. g4 Bd7 12. Rd1 e5 13. Qg3 exd4 14. Nb5 O-O 15.
Nxc7 Rc8 16. Nb5 a6 17. Nbxd4 Nxd4 18. Nxd4 Ba4 19. b3 Bxd4 20. Bxh6 Qf6 21. g5
Qh8 22. Rac1 Bd7 23. Qd6 Bg4 24. Rxc8 Rxc8 25. Rxd4 Rc1+ 26. Rd1 Qa1 27. Qf8+ 1-0